| 000 | 00634nam a22001937a 4500 | ||
|---|---|---|---|
| 003 | NUST-PNEC | ||
| 005 | 20170116180708.0 | ||
| 008 | 140930b xxu||||| |||| 00| 0 eng d | ||
| 020 | _a0915760029 | ||
| 040 | _cPNEC | ||
| 082 | _a532.05 DYK | ||
| 100 |
_9437 _aDyke, Milton Van |
||
| 245 |
_aAn Album of Fluid Motion _cMilton Van Dyke |
||
| 260 |
_aCalifornia _bThe Parabolic Press _cc1982. |
||
| 300 |
_a176 p. : _b il. ; _c29 cm. |
||
| 500 | _aIncludes Index http://www.amazon.com/Album-Fluid-Motion-Milton-Dyke/dp/0915760029/ref=sr_1_1?s=books&ie=UTF8&qid=1412066269&sr=1-1&keywords=0915760029 | ||
| 650 | _xME | ||
| 942 |
_2ddc _cBK |
||
| 999 |
_c60824 _d60824 |
||